Los poemas del hospital /

Bibliographic Details
Main Author: Escala, Eudald, 1951-
Format: Electronic eBook
Language:Spanish
Published: Barcelona : Ediciones Carena, 2009.
Edition:1. ed.
Series:Poesía (Editorial Carena)
Subjects:
Online Access:Digitalia Hispánica

MARC

LEADER 00000nam a2200000Ii 4500
001 DIGCAR0412
003 NyNyDIG
006 m o d
007 cr |||||||||||
008 130101s2009 sp o 000 p spa d
020 |z 9788492619573 
020 |z 8492619570 
035 |a (OCoLC)888261504 
040 |a DGITA  |b eng  |e pn  |c DGITA 
100 1 |a Escala, Eudald,  |d 1951-  
245 1 4 |a Los poemas del hospital /  |c Eudald Escala Pujadó. 
250 |a 1. ed. 
264 1 |a Barcelona :  |b Ediciones Carena,  |c 2009.  
300 |a 1 online resource (71 pages)  
336 |a text  |b txt  |2 rdacontent 
337 |a computer  |b c  |2 rdamedia 
338 |a online resource  |b cr  |2 rdacarrier 
490 1 |a Carena poesía. 
655 0 |a Electronic books. 
791 2 |a Digitalia (Firm),  |e distributor. 
830 0 |a Poesía (Editorial Carena) 
793 0 |g Digitalia eBook Collection:  |a Ediciones Carena. 
856 4 0 |3 Digitalia Hispánica  |u https://www.digitaliapublishing.com/a/8846/ 
910 |a Premium Collection: 2007-2012